| 000 | 00975nam a2200253 i 4500 | ||
|---|---|---|---|
| 001 | 39789 | ||
| 003 | ES-MaACL | ||
| 005 | 20230906160101.0 | ||
| 007 | t| | ||
| 008 | 030304s1984 sp ||||1| spa d | ||
| 020 | _a84-00-05525-X | ||
| 100 | 1 |
_aCantera Burgos, Francisco. _934642 |
|
| 245 | 1 | 0 |
_aSinagogas españolas _b: con especial estudio de la de Córdoba y la toledana de El Tránsito / _cFrancisco Cantera Burgos. |
| 250 | _aReimp. | ||
| 260 |
_aMadrid : _bInstituto Benito Arias Montano, _c1984. |
||
| 300 |
_a375 p., 34 h. de lám., 4 h. pleg. : _bil. ; _c22 cm. |
||
| 490 | 1 |
_aPublicaciones del Instituto Benito Arias Montano. Serie G, Arte y arqueología ; _v1 |
|
| 500 | _aIndices. | ||
| 650 | 4 |
_aSinagogas- _zEspaña. _9156803 |
|
| 710 | 2 |
_aInstituto "Arias Montano" _94797 |
|
| 830 | 0 |
_aPublicaciones del Instituto Benito Arias Montano. Serie G, Arte y arqueología ; _v1 _9229721 |
|
| 852 |
_aES-MaACL _jL-10489 _bR.112392 |
||
| 999 |
_c39789 _d39789 |
||